00869cam a22002291 4500001001300000003000400013005001700017008004100034010001700075035001900092040005100111042001200162050001800174100005300192245011400245260006700359300001800426490007400444500008700518650001700605999001700622e 32000250 DLC20260227111222.0800613s1932 nyu s000 0 eng c ae 32000250  a(OCoLC)6419047 aLibrary. U.S. Office of EducationcICharEdDLC apremarc00aLB3325.A8bS61 aSoper, Wayne W.q(Wayne Wellington),d1891-1956.14aThe use of the elementary school auditorium in cities and villages under superintendents,cby Wayne W. Soper. aAlbany,bThe University of the State of New York press,c1932. a64 p.c23 cm.0 aUniversity of the State of New York bulletin,vno. 990. Feb. 15, 1932 a"Bulletins and pamphlets prepared by the educational research division": p. 63-64. 0aAuditoriums. c21205d21205